| 000 | 00768nam a2200217Ia 4500 | ||
|---|---|---|---|
| 003 | 0 | ||
| 005 | 20250130105742.0 | ||
| 008 | 150126s9999 xx 000 0 und d | ||
| 050 |
_aPGS GT 1730 _b.G216 2014 |
||
| 100 | _aGarcia, Ysabel Maria C. | ||
| 245 |
_aFashion and self-esteem / _cYsabel Maria C. Garcia. |
||
| 260 |
_aLas PiƱas City, Philippines : _bSouthville International School and Colleges, _c2014. |
||
| 300 |
_a34 p. : _bill. ; _c28 cm. |
||
| 504 | _aIncludes bibliographical references. | ||
| 650 |
_aFashion _vPsychological aspects. |
||
| 650 |
_aClothing and dress _vSocial aspects. |
||
| 650 | _aSelf-esteem in children. | ||
| 650 |
_aPersonal appearance _vEffect on self-esteem. |
||
| 650 | _aSocial identity in children. | ||
| 942 |
_2lcc _cPASS |
||
| 999 |
_c278582 _d278582 |
||